000 01119cam a2200301 a 4500
001 016472959
003 OSt
005 20150422142405.0
008 130611t2014 paue fr 001 0 eng d
020 _a9781451185492 (pbk.)
020 _a1451185499 (pbk.)
040 _aStDuBDS
_beng
_cStDuBDS
_dUk
_dEG-ScBUE
082 0 0 _a610.73076
_222
_bLIS
100 1 _aLisko, Susan.
_937693
245 1 0 _aNCLEX-RN questions & answers made incredibly easy ! /
_cSusan A. Lisko.
246 3 _aNCLEX-RN questions and answers made incredibly easy!
250 _a6th ed.
260 _aPhiladelphia :
_bWolters Kluwer Health / Lippincott Williams & Wilkins,
_cc.2014.
300 _aviii, 909 p. :
_bplans ;
_c28 cm.
500 _aIndex : p. 887-909.
500 _aPreceded by (work) : NCLEX-RN questions & answers made incredibly easy!. 5th ed. c2011.
650 7 _aNursing
_vExaminations, questions, etc.
_2BUEsh
_912268
650 7 _aNational Council Licensure Examination for Registered Nurses
_vStudy guides.
_2BUEsh
_937695
651 _2BUEsh
653 _bNNUR
_cApril2015
655 _vreading book
_934232
942 _2ddc
999 _c19211
_d19183